00588nam a2200169 4500001000700000003000900007005001700016007000300033008004100036100003900077245007600116260003100192300001800223852003200241999001900273952012600292107764ES-MaACL20230906184503.0t|061121s1962 sp r ||||1| spa d1 aMoreno de la Cova, Félix.98335610aReforma agraria y desarrollo económico / cFélix Moreno de la Cova. a[Sevilla : bs.n., c1962] a45 p. ; c16. aES-MaACLjC-21503 bR.49879 c107764d107764 00104070aATENEOMbATENEOMcGaleríad2008-01-17eSCl0oC-21503p1112467r2023-02-23 00:00:00w2023-02-23yMONOGRAFIA